000 00530nam a22002057a 4500
003 OSt
005 20180130183132.0
008 180130b xxu||||| |||| 00| 0 eng d
020 _a9781680450262
040 _cDDC
082 _a537.5 PLA 2015
100 _aPlatt, Charles
_912397
245 _aMake: Electronics
250 _a2nd ed.
260 _aSan Francisco; Helpful Corporation, 2015
300 _axii,334p; col.ill: 25cm
504 _aReferences, & index included
650 _aElectronics
_9831
942 _2z
_cO_SHELF
999 _c5979
_d5979